Evaluación o calificación en humanidades : (Registro nro. 11556)

Detalles MARC
000 - LÍDER
campo de control de longitud fija 01408nam a2200373 a 4500
003 - IDENTIFICADOR DE NÚMERO DE CONTROL
campo de control OSt
005 - FECHA Y HORA DE LA ÚLTIMA TRANSACCIÓN
campo de control 20210818181623.0
008 - ELEMENTOS DE DATOS DE LONGITUD FIJA - INFORMACIÓN GENERAL
campo de control de longitud fija 160912s2016 ck gr 001 0 spa d
020 ## - INTERNATIONAL STANDARD BOOK NUMBER
International Standard Book Number 9789587222395
040 ## - FUENTE DE CATALOGACIÓN
Lenguaje de catalogación spa
Agencia de catalogación original COMFC
Descripción convenciones rda
041 ## - CÓDIGO DE LENGUAJE
Código de idioma de texto / pista de sonido o título separado spa
082 04 - NÚMERO DE CLASIFICACIÓN DECIMAL DEWEY
Número de clasificación 370.112
Número de artículo L864e
100 1# - ENTRADA PRINCIPAL - NOMBRE PERSONAL
Nombre de la persona Londoño Villada, Claudia Mónica
9 (RLIN) 50309
Término del Relator aut
245 10 - TÍTULO DECLARACIÓN
Título Evaluación o calificación en humanidades :
Resto del título seis experiencias en contexto universitario /
Declaración de responsabilidad Claudia Mónica Londoño Villada, Juan Camilo Rave Restrepo, Nancy Eugenia Cárdenas Ramírez [y otros].
250 ## - DECLARACIÓN DE EDICIÓN
Sentencia de edición Álvaro Díaz Gómez, editor académico.
260 ## - PUBLICACIÓN, DISTRIBUCIÓN
Lugar de publicación Pereira :
Nombre del editor Editorial Universidad Tecnológica de Pereira,
Fecha de publicación 2016.
300 ## - DESCRIPCIÓN FÍSICA
Alcance 96 páginas ;
Dimensiones 24 cm
336 ## - TIPO DE CONTENIDO
Fuente rdacontent
Tipo de contenido txt
337 ## - TIPO DE MEDIO
Fuente rdamedia
Término del tipo de medio n
338 ## - TIPO DE PORTADOR
Fuente rdacarrier
Término del tipo de operador nc
490 ## - DECLARACIÓN EN SERIE
Estado de cuenta de la serie Colección Textos Académicos
650 #4 - ENTRADA DE SUJETO AÑADIDO - TÉRMINO TÓPICO
Término tópico o elemento de entrada del nombre geográfico Educación humanística.
650 #4 - ENTRADA DE SUJETO AÑADIDO - TÉRMINO TÓPICO
Término tópico o elemento de entrada del nombre geográfico Conducta (Etica)
650 #4 - ENTRADA DE SUJETO AÑADIDO - TÉRMINO TÓPICO
Término tópico o elemento de entrada del nombre geográfico Humanismo.
650 #4 - ENTRADA DE SUJETO AÑADIDO - TÉRMINO TÓPICO
Término tópico o elemento de entrada del nombre geográfico Educación superior.
700 1# - ENTRADA AGREGADA - NOMBRE PERSONAL
Nombre de la persona Londoño Villada, Claudia Mónica.
700 1# - ENTRADA AGREGADA - NOMBRE PERSONAL
Nombre de la persona Rave Restrepo, Juan Camilo.
700 1# - ENTRADA AGREGADA - NOMBRE PERSONAL
Nombre de la persona Cárdenas Ramírez, Nancy Eugenia.
700 1# - ENTRADA AGREGADA - NOMBRE PERSONAL
Nombre de la persona Ángel Alzate, Victoria Eugenia,
Fechas asociadas a un nombre 1964-
700 1# - ENTRADA AGREGADA - NOMBRE PERSONAL
Nombre de la persona Martínez Herrera, Juan Manuel.
700 1# - ENTRADA AGREGADA - NOMBRE PERSONAL
Nombre de la persona Díaz Gómez, Álvaro,
942 ## - ELEMENTOS DE ENTRADA AGREGADOS (KOHA)
Fuente de clasificación o esquema de estanterías Dewey Decimal Classification
Parte de clasificación 370.112 L864e
Prefijo del número de llamada 370.112
Sufijo del número de llamada L864e
949 ## - INFORMACIÓN DE PROCESAMIENTO LOCAL (OCLC)
a
Existencias
Estado de retirada Pérdida de estatus Fuente de clasificación o esquema de estanterías Estado dañado No para préstamo Código de recogida Ubicación permanente Ubicación actual Ubicación de las estanterías Fecha de adquisición Total de Cajas Número Topográfico Código de barras Precio efectivo desde Número de copia Fecha de la última vez que se vio Tipo de artículo Koha
    Dewey Decimal Classification     General Biblioteca Pública Departamental Comfamiliar Risaralda Biblioteca Pública Departamental Comfamiliar Risaralda Área General 17/04/2017   370.112 L864e 296 18/08/2021 Ej. 1 17/04/2017 Libro